000 00657nam a2200229 a 4500
001 63478
003 BD-RjUL
005 20211209081212.0
008 170130s1958 enk 001 0 eng
035 _a(BD-RjUL)63607
040 _aDLC
_cDLC
_dIG#
_dBD-RjUL
_beng
041 _aeng
082 0 0 _a823
_223
_bJOM 1958
100 _aJoyce, Stanislaus
_9188807
245 1 2 _aMy brother's keeper /
_cStanislaus Joyce
260 _aNew York :
_bViking Press,
_cc1958
300 _a257 p. ;
_c19 cm.
500 _aInclude index
650 _aJoyce, James, -- 1882-1941 -- Childhood and youth.
_9188808
650 _aEnglish fiction
_9185796
942 _2ddc
_cBK
999 _c63478
_d63478